Statistics for Country Quiz on a Map - China

Click here to take the quiz!

General Stats

  • This quiz has been taken 3,280 times
    (2,644 since last reset)
  • The average score is 37 of 55

Answers on the Map

Answers color-coded by a green-red scale on the quiz's map according to % correct below.
 

Answer Stats

Answers% Correct
18,960,744Beijing
98%
21,909,814Shanghai
96%
Vietnam
96%
Bhutan
95%
India
95%
Laos
95%
Nepal
95%
North Korea
95%
Russia
95%
Kyrgyzstan
94%
Mongolia
94%
Tajikistan
94%
Myanmar
93%
City infamous for the initial Covid-19 outbreakWuhan
92%
Pakistan
91%
Kazakhstan
90%
Autonomous region since 1951Tibet
90%
Former Portuguese colony, often referred to as the 'Las Vegas of the East'Macau
89%
Yellow River
89%
Afghanistan
88%
Yellow Sea
88%
Fortifications built for protection against nomadic tribesGreat Wall of China (Badaling section)
86%
16,096,724Guangzhou
83%
Yangtze
82%
Gobi
80%
Historically disputed region, rich in natural resources, called 'Manchukuo' under Japanese occupationManchuria
79%
South China Sea
78%
Himalayas
77%
Hong Kong: This martial artist was born there in 1940Bruce Lee
74%
1937: World War II battle followed by a series of Japanese war crimesBattle of Nanking
69%
Everest
69%
Largest island in ChinaHainan
69%
Xi'an: Local farmers discovered this collection of life-sized clay sculptures there in 1974Terracotta Army
66%
East China Sea
65%
17,444,609Shenzhen
64%
13,568,357Chengdu
59%
Capital of the Xinjiang Uyghur Autonomous RegionÜrümqi
59%
K2
58%
Mekong
58%
Xi'an: This emperor was buried near the cityQin Shi Huang
54%
Home of the world's largest Ice and Snow FestivalHarbin
51%
Chongqing: During the Second Sino-Japanese War, this politician led China from the city before eventually opposing MaoChiang Kai-shek
49%
World's largest power station, built on a riverThree Gorges Dam
47%
Pearl River
46%
City that was under German occupation between 1898 and 1914Qingdao
44%
Amur
29%
Winter palace of the Dalai LamaPotala Palace
21%
Xi'an: In this city, Sun Wukong and Xuanzang, protagonists of this Classic Chinese Novel, embark on their pilgrimageJourney to the West
17%
Taklamakan
16%
Mount Hua
14%
208: One of the most famous battles of the Three Kingdoms periodBattle of Red Cliffs
12%
Rock pillars seen in the movie AvatarZhangjiajie's "Floating" Peaks
11%
Hong Kong: This critically acclaimed romantic drama is set in the 1960s when the city was still a British colonyIn the Mood for Love
10%
Kunlun
10%
Scenic canyon on the Jinsha River, part of the Three Parallel Rivers of YunnaTiger Leaping Gorge
7%

Score Distribution

Percentile by Number Answered

Percent of People with Each Score

Your Score History

You have not taken this quiz since the last reset